Beyond leviathan: Critique of the state (Record no. 1234107)

MARC details
000 -LEADER
fixed length control field 00575nam a2200217Ia 4500
005 - DATE AND TIME OF LATEST TRANSACTION
control field 20241129120255.0
008 - FIXED-LENGTH DATA ELEMENTS--GENERAL INFORMATION
fixed length control field 241129s9999||||xx |||||||||||||| ||und||
020 ## - INTERNATIONAL STANDARD BOOK NUMBER
International Standard Book Number 9789350028124
037 ## - SOURCE OF ACQUISITION
Stock number TB
040 ## - CATALOGING SOURCE
Original cataloging agency SDCL
Language of cataloging eng
Transcribing agency SDCL
041 ## - LANGUAGE CODE
Language code of text/sound track or separate title eng
Source of code eng
084 ## - COLON CLASSIFICATION NUMBER
Classification number WxJ88,1 R3
Assigning agency SDCL
100 ## - MAIN ENTRY--PERSONAL NAME
Personal name Meszaros Istvan
245 #0 - TITLE STATEMENT
Title Beyond leviathan: Critique of the state
260 ## - PUBLICATION, DISTRIBUTION, ETC.
Place of publication, distribution, etc. Delhi
Name of publisher, distributor, etc. Aakar Books India
Date of publication, distribution, etc. 2023
300 ## - PHYSICAL DESCRIPTION
Extent 482p.
365 ## - TRADE PRICE
Price type code INR
Price amount 895
650 ## - SUBJECT ADDED ENTRY--TOPICAL TERM
Topical term or geographic name entry element Political Science
942 ## - ADDED ENTRY ELEMENTS (KOHA)
Koha item type Textbook
Classification part WxJ88,1 R3
Holdings
Withdrawn status Lost status Damaged status Not for loan Home library Current library Date acquired Source of acquisition Cost, normal purchase price Total Checkouts Full call number Barcode Date last seen Price effective from Koha item type
        South Campus Library South Campus Library 2024-11-29 Govinda Book House 895.00   WxJ88,1 R3 SC1808029 2024-11-29 2024-11-29 Textbook
Copyright @ Delhi University Library System